| 000 | 00866nam a22002537a 4500 | ||
|---|---|---|---|
| 005 | 20250529103348.0 | ||
| 008 | 250402b |||||||| |||| 00| 0 eng d | ||
| 020 | _a978-93-901-36-63-6 (hbk) | ||
| 037 | _cTB | ||
| 040 |
_aCRL _cCRL |
||
| 041 |
_2eng _aeng _hsan |
||
| 084 |
_aO15,1A1:g 111R3 _qCRL |
||
| 100 |
_aKumar, Surendra _9406691 |
||
| 245 |
_aValmiki Ramayana: _bTimeless saga of Indian civization |
||
| 260 |
_aDelhi, India: _bShivalik Prakashan, _c2023. |
||
| 300 | _axii, 241p. | ||
| 365 |
_b1595.00 _cINR |
||
| 546 | _aTranslated from Sanskrit to English | ||
| 650 | _aRamayana | ||
| 650 | _aSanskrit Literature | ||
| 700 |
_aSaini, Sunita (Author) _9751753 |
||
| 942 |
_2CC _cTB _hO15,1A1:g 111R3 _n0 |
||
| 999 |
_c1308398 _d1308398 |
||